| 000 | 01184nam a22002771i 4500 | ||
|---|---|---|---|
| 003 | SA-RiAUC | ||
| 005 | 20241225143327.0 | ||
| 008 | 241123s2000 le g 000 0 ara c | ||
| 040 |
_aJO-AmJU _bara _cSA-RiAUC _erda |
||
| 050 | 4 | _bH3722. 2000 | |
| 082 | 0 | 4 | _a257.5 |
| 090 |
_a257.5 _b ح س ن |
||
| 100 | 1 |
_aالحسني، محمد أبو الهدى اليعقوبي، _d1963- _eمؤلف. |
|
| 245 | 1 | 0 |
_aحسن الفهم لمسألة القضاء بالعلم : _bقضاء القاضي بعلمه : دراسة فقهية مقارنة شاملة / _cمحمد أبو الهدى اليعقوبي الحسني. |
| 264 | 1 |
_aبيروت : _bدار البشائر الإسلامية، _c2000 |
|
| 300 |
_a136 صفحة؛ _c24 سم. |
||
| 336 |
_aنص _btxt _2rdacontent _3كتاب |
||
| 337 |
_aبدون وسيط _bn _2rdamedia |
||
| 338 |
_aمجلد _bnc _2rdacarrier |
||
| 650 | 7 |
_aالقضاء في الإسلام _2aucsh |
|
| 650 | 7 |
_aالقضاء (فقه إسلامي) _2aucsh |
|
| 650 | 7 |
_aالعقوبات (فقه إسلامي) _2aucsh |
|
| 650 | 7 |
_aالفقه الإسلامي _xمذاهب _2aucsh |
|
| 942 |
_2ddc _cBOOK _n0 |
||
| 949 |
_aSA-JeALM _d241123 _umohamedma123 _n1 |
||
| 999 |
_c3960 _d3960 |
||